00404nam a2200133 a 4500008004100000020001500041050001600056100001900072245002600091260004100117300002000158350000900178650008300187060316s1974 ||||||||||||||||| || u a0340162732 aPR 6075 You aYoung, Kenneth10aHarry, Lord Rosebery  aLondon :bHodder and Stoughtonc1974 a192 p., [8] p.  a0.00 aRosebery, Albert Edward Harry Meyer Archibald Primrose, 6th Earl of, 1882-1974